000 00669cab a2200229 4500
001 ABS55816
008 090401t1996 xxu||||| |||| 00| 0 eng d
035 _a(Sirsi) u18950
041 _aeng
100 _aFanning, D.
245 _aInsurers weather a changing market
260 _c1996
350 _a0
490 _aEstates Gazette
_v(9639) 28 September 1996, 66-68(3)
520 _aProfile of the insurance industry. Lists the top six insurers, their premiums, profits and property assets.
650 _aINSURANCE INDUSTRY
650 _aINSURANCE PREMIUMS
650 _aPROPERTY ASSETS
690 _aInsurance
_96249
942 _n0
948 _c04/03/1997
999 _c12608
_d12608